| 000 | 00562nam a2200193 a 4500 | ||
|---|---|---|---|
| 005 | 20240802063723.0 | ||
| 008 | 060522s2005 mx r 000 0 spa d | ||
| 020 | _a9686986359 | ||
| 035 | _aUPN01000144587 | ||
| 049 | _aCG | ||
| 050 | 4 |
_aPQ7177 M6 _bJ3.7 |
|
| 100 | 1 | _aJáuregui, A. L. | |
| 245 | 1 | 0 |
_aRecitaciones patrióticas selectas / _cA. L. Jáuregui. |
| 260 |
_aMéxico : _bAvante, _c2005. |
||
| 300 |
_a173 p. : _bil. |
||
| 650 | 4 |
_aPoesía épica mexicana _91234 |
|
| 650 | 4 |
_aPATRIOTISMO - _xESTUDIO Y ENSEÑANZA (ELEMENTAL) _97998 |
|
| 905 | _aLibro | ||
| 999 |
_c116734 _d116734 |
||